Englišova peněžní teorie

Karel Engliš (1880-1961) vstúpil do dejín ekonomického myslenia ako tvorca teleologickej teórie národohospodárskej a do hospodárskych dejín Československa ako vedúca osobnosť menovej a finančnej politiky. Teória peňazí. Inflácia a inflačné metódy. Emisná politika. Menový kurz a devízový kurz. Štrukt...

Ausführliche Beschreibung

Gespeichert in:
Bibliographische Detailangaben
1. Verfasser: Vencovský, František
Format: Buchkapitel
Sprache:Tschechisch
Schlagworte:
Tags: Tag hinzufügen
Keine Tags, Fügen Sie das erste Tag hinzu!

MARC

LEADER 00000naa a2200000 4500
001 r024672
005 20221205090718.4
041 0 |a cze 
044 |a CZ 
245 1 0 |a Englišova peněžní teorie  |c František Vencovský 
520 |a Karel Engliš (1880-1961) vstúpil do dejín ekonomického myslenia ako tvorca teleologickej teórie národohospodárskej a do hospodárskych dejín Československa ako vedúca osobnosť menovej a finančnej politiky. Teória peňazí. Inflácia a inflačné metódy. Emisná politika. Menový kurz a devízový kurz. Štruktúra platobnej bilancie. 
610 2 0 |a teória peňažná 
610 2 0 |a Engliš, K. 
610 2 0 |a história 
610 2 0 |a inflácia 
610 2 0 |a bilancia platobná 
610 2 0 |a kurz devízový 
610 2 0 |a kurz menový 
610 2 0 |a banky 
610 2 0 |a ceny 
610 2 0 |a mzdy 
610 2 0 |a zmeny štruktúrne 
610 2 0 |a indexy cenové 
610 2 0 |a zadlženosť zahraničná 
100 1 |a Vencovský, František